000 00986nam a2200289 i 4500
003 EG-GICUC
005 20260514113110.0
008 260514s1929 fr ||||fr|||| 00| 0 fre d
040 _aEG-GiCUC
_bfre
_cEG-GiCUC
_dEG-GiCUC
_eRda
082 0 4 _221
_a345.123
_bHA . J
092 0 4 _221
099 _aLaw 07 345.123 HA . J 1929
100 1 _aHauriou, Maurice
_eAuteur
245 1 0 _aLa Jurisprudence Administrative De 1892 À 1929 :
_hTome Premier /
_cMaurice Hauriou.
_n
264 1 _aParis :
_bLibrairie Du Recueil Sirey (Société Anonyme),
_c1929.
300 _a743 page :
_c 24 cm.
336 _2rda contenu
_a texte
337 _2rda medias
_aOrdinateur
338 _2 transporteur rda
_a Ressource en ligne
546 _aTexte en français
650 1 4 _aDroit Administratif
_2
650 1 4 _aLe Pouvoir Judiciaire Administratif et Ses Fonctions
651 1 _2
856 4 0 _uhttps://fll.law.cu.edu.eg/fulltext/bks/B07-06112.pdf
905 _a64
942 _2ddc
_cBK
_e21
_n0
999 _c76877
_d76877